000
00272nam a2200109Ia 4500
008
200302s9999 xx 000 0 und d
100
_a
Marc Kushner
245
_a
The future of architecture in 100 buildings
260
_b
Ted books Publisher
260
_c
2015
300
_a
157
999
_c
6964
_d
6964